Jedes Schulfach eine Frage - H - Statistiken

Allgemein
  • Dieses Quiz wurde 275 mal gespielt
  • Das Durchschnittsergebnis liegt bei 13 aus 17
Antwortstatistiken
Schulfach Frage Antwort % Korrekt
Englisch "Haus" auf Englisch house
99%
Biologie Organ eines menschlichen und tierischen Organismus, das die äußere Körperhülle bildet Haut
96%
Erdkunde Zweitgrößte Stadt Deutschlands Hamburg
95%
Chemie Chemisches Element, welches häufig zum Aufblasen von Ballons verwendet wird Helium
95%
Sport Disziplin der Leichtathletik, in welcher es darum geht, beim Sprung über eine Latte, die größtmögliche Höhe zu erreichen Hochsprung
93%
Informatik Bezeichnung für jemanden, der illegal in Rechnersysteme eindringt Hacker*in
92%
Religion Drittgrößte Weltreligion, der ca. 15% aller Menschen weltweit angehören Hinduismus
88%
Mathematik Anderer Name für ein Sechseck Hexagon
84%
Physik Tropischer Wirbelsturm, welcher mindestens Orkanstärke (Windstärke 12) erreichen muss, um als dieser zu gelten. Hurrikan
81%
Latein "Mensch" auf Lateinisch homo
72%
Französisch "Mann" auf Französisch homme
71%
Geschichte Herrscher der Unterwelt und ein Bruder des Zeus in der griechischen Mythologie Hades
70%
Politik Rechtsextremer Politiker der AfD und Vorsitzender der AfD-Fraktion im thüringischen Landtag, der unter anderem als zentrale Person in der rechtsextremen parteiinternen Gruppe "Der Flügel" galt Björn Höcke
60%
Kunst Eine Kupferstatue dieses griechischen Halbgotts ist ein Wahrzeichen der Stadt Kassel Herakles
58%
Philosophie Spruch, welchen Archimedes angeblich beim Baden aufgrund seiner Entdeckung des Archimedischen Prinzips herausgerufen haben soll Heureka!
56%
Musik Lied von den Beatles, welches lange das höchstplatzierteste der Band auf der Liste der 500 besten Songs aller Zeiten des Rolling-Stone-Magazins war Hey Jude
34%
Deutsch Eine der bekanntesten Balladen Friedrich Schillers aus dem Jahr 1797 Der Handschuh
17%
Keine übereinstimmenden Quizze gefunden
Verteilung der Resultate
Anzahl Personen mit jedem Resultat
Perzentil nach korrekt beantworteten Fragen
Ihre Resultats-Entwicklung
Sie haben dieses Quiz noch nicht gespielt